<?xml version="1.0" encoding="UTF-8"?>
<record
    xmlns:xsi="http://www.w3.org/2001/XMLSchema-instance"
    xsi:schemaLocation="http://www.loc.gov/MARC21/slim http://www.loc.gov/standards/marcxml/schema/MARC21slim.xsd"
    xmlns="http://www.loc.gov/MARC21/slim">

  <leader>01681nam a2200241   4500</leader>
  <datafield tag="999" ind1=" " ind2=" ">
    <subfield code="c">96515</subfield>
    <subfield code="d">96515</subfield>
  </datafield>
  <controlfield tag="003">NALT</controlfield>
  <controlfield tag="005">20230511104750.0</controlfield>
  <controlfield tag="008">191118b        th ||||| ||||o00| 0 tha d</controlfield>
  <datafield tag="020" ind1=" " ind2=" ">
    <subfield code="a">9786169270225</subfield>
  </datafield>
  <datafield tag="040" ind1=" " ind2=" ">
    <subfield code="a">NALT</subfield>
  </datafield>
  <datafield tag="041" ind1=" " ind2=" ">
    <subfield code="a">thaeng</subfield>
  </datafield>
  <datafield tag="086" ind1=" " ind2=" ">
    <subfield code="a">&#xE01;&#xE01;&#xE1E; 01 1.1 2560</subfield>
  </datafield>
  <datafield tag="110" ind1="2" ind2=" ">
    <subfield code="a">&#xE2A;&#xE33;&#xE19;&#xE31;&#xE01;&#xE07;&#xE32;&#xE19;&#xE04;&#xE13;&#xE30;&#xE01;&#xE23;&#xE23;&#xE21;&#xE01;&#xE32;&#xE23;&#xE01;&#xE33;&#xE01;&#xE31;&#xE1A;&#xE01;&#xE34;&#xE08;&#xE01;&#xE32;&#xE23;&#xE1E;&#xE25;&#xE31;&#xE07;&#xE07;&#xE32;&#xE19;.</subfield>
    <subfield code="9">2013</subfield>
  </datafield>
  <datafield tag="245" ind1="1" ind2="0">
    <subfield code="a">&#xE23;&#xE32;&#xE22;&#xE07;&#xE32;&#xE19;&#xE1B;&#xE23;&#xE30;&#xE08;&#xE33;&#xE1B;&#xE35;&#xE07;&#xE1A;&#xE1B;&#xE23;&#xE30;&#xE21;&#xE32;&#xE13; &#xE1E;.&#xE28;. 2560 &#xE04;&#xE13;&#xE30;&#xE01;&#xE23;&#xE23;&#xE21;&#xE01;&#xE32;&#xE23;&#xE01;&#xE33;&#xE01;&#xE31;&#xE1A;&#xE01;&#xE34;&#xE08;&#xE01;&#xE32;&#xE23;&#xE1E;&#xE25;&#xE31;&#xE07;&#xE07;&#xE32;&#xE19; &#xE41;&#xE25;&#xE30;&#xE2A;&#xE33;&#xE19;&#xE31;&#xE01;&#xE07;&#xE32;&#xE19;&#xE04;&#xE13;&#xE30;&#xE01;&#xE23;&#xE23;&#xE21;&#xE01;&#xE32;&#xE23;&#xE01;&#xE33;&#xE01;&#xE31;&#xE1A;&#xE01;&#xE34;&#xE08;&#xE01;&#xE32;&#xE23;&#xE1E;&#xE25;&#xE31;&#xE07;&#xE07;&#xE32;&#xE19; =</subfield>
    <subfield code="b">Annual report 2017 Energy Regulatory Commission and Office of the Energy Regulatory Commission /</subfield>
    <subfield code="c">&#xE2A;&#xE33;&#xE19;&#xE31;&#xE01;&#xE07;&#xE32;&#xE19;&#xE04;&#xE13;&#xE30;&#xE01;&#xE23;&#xE23;&#xE21;&#xE01;&#xE32;&#xE23;&#xE01;&#xE33;&#xE01;&#xE31;&#xE1A;&#xE01;&#xE34;&#xE08;&#xE01;&#xE32;&#xE23;&#xE1E;&#xE25;&#xE31;&#xE07;&#xE07;&#xE32;&#xE19;.</subfield>
  </datafield>
  <datafield tag="260" ind1=" " ind2=" ">
    <subfield code="a">&#xE01;&#xE23;&#xE38;&#xE07;&#xE40;&#xE17;&#xE1E;&#xE2F; :</subfield>
    <subfield code="b">&#xE2A;&#xE33;&#xE19;&#xE31;&#xE01;&#xE07;&#xE32;&#xE19;&#xE04;&#xE13;&#xE30;&#xE01;&#xE23;&#xE23;&#xE21;&#xE01;&#xE32;&#xE23;&#xE01;&#xE33;&#xE01;&#xE31;&#xE1A;&#xE01;&#xE34;&#xE08;&#xE01;&#xE32;&#xE23;&#xE1E;&#xE25;&#xE31;&#xE07;&#xE07;&#xE32;&#xE19;,</subfield>
    <subfield code="c">&#xE21;.&#xE1B;.&#xE1B;.</subfield>
  </datafield>
  <datafield tag="300" ind1=" " ind2=" ">
    <subfield code="a">1 &#xE40;&#xE25;&#xE48;&#xE21; :</subfield>
    <subfield code="b">&#xE20;&#xE32;&#xE1E;&#xE1B;&#xE23;&#xE30;&#xE01;&#xE2D;&#xE1A;, &#xE15;&#xE32;&#xE23;&#xE32;&#xE07;, &#xE41;&#xE1C;&#xE19;&#xE20;&#xE39;&#xE21;&#xE34; ;</subfield>
    <subfield code="c">30 &#xE0B;&#xE21;.</subfield>
  </datafield>
  <datafield tag="610" ind1="2" ind2="4">
    <subfield code="9">42718</subfield>
    <subfield code="a">&#xE04;&#xE13;&#xE30;&#xE01;&#xE23;&#xE23;&#xE21;&#xE01;&#xE32;&#xE23;&#xE01;&#xE33;&#xE01;&#xE31;&#xE1A;&#xE01;&#xE34;&#xE08;&#xE01;&#xE32;&#xE23;&#xE1E;&#xE25;&#xE31;&#xE07;&#xE07;&#xE32;&#xE19; </subfield>
    <subfield code="x">&#xE23;&#xE32;&#xE22;&#xE07;&#xE32;&#xE19;&#xE1B;&#xE23;&#xE30;&#xE08;&#xE33;&#xE1B;&#xE35;</subfield>
    <subfield code="y">2560</subfield>
  </datafield>
  <datafield tag="610" ind1="2" ind2="4">
    <subfield code="9">42719</subfield>
    <subfield code="a">&#xE2A;&#xE33;&#xE19;&#xE31;&#xE01;&#xE07;&#xE32;&#xE19;&#xE04;&#xE13;&#xE30;&#xE01;&#xE23;&#xE23;&#xE21;&#xE01;&#xE32;&#xE23;&#xE01;&#xE33;&#xE01;&#xE31;&#xE1A;&#xE01;&#xE34;&#xE08;&#xE01;&#xE32;&#xE23;&#xE1E;&#xE25;&#xE31;&#xE07;&#xE07;&#xE32;&#xE19; </subfield>
    <subfield code="x">&#xE23;&#xE32;&#xE22;&#xE07;&#xE32;&#xE19;&#xE1B;&#xE23;&#xE30;&#xE08;&#xE33;&#xE1B;&#xE35;</subfield>
    <subfield code="y">2560</subfield>
  </datafield>
  <datafield tag="850" ind1=" " ind2=" ">
    <subfield code="a">NALT</subfield>
  </datafield>
  <datafield tag="942" ind1=" " ind2=" ">
    <subfield code="c">GOV</subfield>
    <subfield code="2">local</subfield>
  </datafield>
  <datafield tag="998" ind1=" " ind2=" ">
    <subfield code="a">bijaya</subfield>
    <subfield code="c">DAO</subfield>
    <subfield code="j">180</subfield>
    <subfield code="k"> &#xE0A;&#xE27;&#xE19;&#xE1E;&#xE34;&#xE0A;&#xE0D;&#xE4C; &#xE23;&#xE31;&#xE15;&#xE19;&#xE32;&#xE44;&#xE1E;&#xE1A;&#xE39;&#xE25;&#xE22;&#xE4C;</subfield>
  </datafield>
  <datafield tag="952" ind1=" " ind2=" ">
    <subfield code="0">0</subfield>
    <subfield code="1">0</subfield>
    <subfield code="2">local</subfield>
    <subfield code="4">0</subfield>
    <subfield code="7">0</subfield>
    <subfield code="8">CGOV</subfield>
    <subfield code="a">NALT</subfield>
    <subfield code="b">NALT</subfield>
    <subfield code="d">2019-11-18</subfield>
    <subfield code="l">0</subfield>
    <subfield code="o">&#xE01;&#xE01;&#xE1E; 01 1.1 2560</subfield>
    <subfield code="p">3961210053</subfield>
    <subfield code="r">2019-11-29 00:00:00</subfield>
    <subfield code="w">2019-11-18</subfield>
    <subfield code="y">GOV</subfield>
  </datafield>
</record>
